| 000 | 00500nam a2200169 a 4500 | ||
|---|---|---|---|
| 001 | 000022251 | ||
| 005 | 20200930011642.0 | ||
| 008 | 090921s1971 dr ac 001 0 spa d | ||
| 040 |
_aDO-SdBNP _bspa _cBNPHU |
||
| 082 |
_axxxx _bR426p |
||
| 110 | 1 |
_aRepública Dominicana. _bJunta Central Electora _923478 |
|
| 245 | 1 | 0 | _aProyecciones 24/. |
| 260 |
_aSanto Domingo : _bJunta Central Electoral, _c1971. |
||
| 300 |
_a195 p. : _bil., retrs ; _c19 cm. |
||
| 504 | _abibliografía : p. 192 | ||
| 049 | _aBNPD | ||
| 999 |
_c21749 _d21749 |
||